Municipalities of Shiga - Click Map - Statistics

General Stats
  • This quiz has been taken 7 times
  • The average score is 14 of 19
Answers on the Map
Answers color-coded by a green-red scale on the quiz's map according to % correct below.
 
Answer Stats
Answer % Correct
Hino 日野町 ひのちょう
100%
Kusatsu 草津市 くさつし
100%
Maibara 米原市 まいばらし
100%
Moriyama 守山市 もりやまし
100%
Otsu 大津市 おおつし
100%
Takashima 高島市 たかしまし
100%
Higashiomi 東近江市 ひがしおうみし
75%
Hikone 彦根市 ひこねし
75%
Koka 甲賀市 こうかし
75%
Konan 湖南市 こなんし
75%
Kora 甲良町 こうらちょう
75%
Nagahama 長浜市 ながはまし
75%
Aisho 愛荘町 あいしょうちょう
50%
Omihachiman 近江八幡市 おうみはちまんし
50%
Ritto 栗東市 りっとうし
50%
Ryuo 竜王町 りゅうおうちょう
50%
Taga 多賀町 たがちょう
50%
Toyosato 豊郷町 とよさとちょう
50%
Yasu 野洲市 やすし
50%
No matching quizzes found
Score Distribution
Percent of People with Each Score
Percentile by Number Answered
Your Score History
You have not taken this quiz